000 00509nam a2200181Ia 4500
005 20250326141627.0
008 250326s9999 xx 000 0 und d
037 _aTextbook
040 _aFMSL
_beng
_cFMSL
041 _aeng
_2eng
084 _qFMSL
100 _aAhmad E
_9211949
245 0 _aTheory and practice of the tax reform in developing countries
_cAhmad E; Stern N
260 _aNew delhi
_bNew delhi, Foundation books
_c1991
300 _a361p
942 _cTB
999 _c1291208
_d1291208